Pensamiento político y social : (Record no. 88233)
[ view plain ]
| 000 -CABECERA | |
|---|---|
| campo de control de longitud fija | 00751nam a22002173a 4500 |
| 005 - FECHA Y HORA DE LA ÚLTIMA TRANSACCIÓN | |
| campo de control | 20240413063819.0 |
| 008 - ELEMENTOS DE LONGITUD FIJA--INFORMACIÓN GENERAL | |
| campo de control de longitud fija | 011016s1991 mx r 000 0 spa d |
| 020 ## - NÚMERO INTERNACIONAL NORMALIZADO PARA LIBROS | |
| Número Internacional Estándar del Libro | 9681637011 |
| 035 ## - NÚMERO DE CONTROL DEL SISTEMA | |
| Número de control de sistema | UPN01000114325 |
| 049 ## - COLECCIÓN | |
| Colección | CG |
| 050 #4 - SIGNATURA TOPOGRÁFICA DE LA BIBLIOTECA DEL CONGRESO | |
| Número de clasificación | F1234 C3 |
| Número de documento/Ítem | P4.6 1991 |
| 100 1# - ASIENTO PRINCIPAL--NOMBRE PERSONAL | |
| Nombre de persona | Elías Calles, Plutarco, |
| Fechas asociadas al nombre | 1877-1945 |
| 245 10 - MENCIÓN DE TÍTULO | |
| Título | Pensamiento político y social : |
| Resto del título | antología (1913-1936) / |
| Mención de responsabilidad, etc. | Plutarco Elías Calles. |
| 250 ## - MENCIÓN DE EDICIÓN | |
| Mención de edición | 3a ed. |
| 260 ## - PUBLICACIÓN, DISTRIBUCIÓN, ETC. | |
| Lugar de publicación, distribución, etc. | México : |
| Nombre del editor, distribuidor, etc. | Fideicomiso Archivos Plutarco Elías Calles y Fernando Torreblanca : |
| -- | FCE, |
| Fecha de publicación, distribución, etc. | [1991]. |
| 300 ## - DESCRIPCIÓN FÍSICA | |
| Extensión | 355 p. |
| 440 #0 - MENCIÓN DE SERIE/ASIENTO SECUNDARIO--TÍTULO | |
| Título | Vida y pensamiento de México |
| 600 14 - ASIENTO SECUNDARIO DE MATERIA - NOMBRE PERSONAL | |
| Nombre de persona | ELIAS CALLES, PLUTARCO, |
| Fechas asociadas al nombre | 1877-1945 |
| 651 #4 - ASIENTO SECUNDARIO DE MATERIA - NOMBRE GEOGRAFICO | |
| Nombre geográfico | México |
| Subdivisión general | Política y gobierno |
| Subdivisión cronológica | 1910-1946 |
| Subdivisión de forma | Fuentes |
| 9 (RLIN) | 12697 |
| 905 ## - TIPO DE MATERIAL | |
| Tipo de material | Libro |
| Estado de retiro | Estado de pérdida | Fuente del sistema de clasificación o colocación | Estado dañado | No para préstamo | Código de colección | Localización permanente | Ubicación/localización actual | Ubicación en estantería | Total de préstamos | Clasificación | Código de barras | En préstamo | Fecha visto por última vez | Número de copia | Tipo de ítem Koha | Fecha de adquisición | Renovaciones totales | Fecha del último préstamo |
|---|---|---|---|---|---|---|---|---|---|---|---|---|---|---|---|---|---|---|
| Library of Congress Classification | Colección General | Bib. Gregorio Torres Quintero | Bib. Gregorio Torres Quintero | Planta baja | 12 | F1234 C3 P4.6 1991 | 167891 | 08/03/2013 | 31/12/2020 | 1 | Libro | |||||||
| Library of Congress Classification | Colección General | Bib. Gregorio Torres Quintero | Bib. Gregorio Torres Quintero | Planta baja | 24 | F1234 C3 P4.6 1991 | 167890 | 16/02/2022 | 1 | Libro | 16/02/2022 | 1 | 26/01/2022 | |||||
| Library of Congress Classification | Colección General | Bib. Gregorio Torres Quintero | Bib. Gregorio Torres Quintero | Planta baja | 21 | F1234 C3 P4.6 1991 | 167892 | 31/12/2020 | 1 | Libro |
